[Event "GER-chT U10"]
[Site "Magdeburg"]
[Date "2015.12.28"]
[Round "5.2"]
[White "Anosowitsch, Nick"]
[Black "Brunner, Alexander1111"]
[Result "0-1"]
[WhiteElo "875"]
[BlackElo "1102"]
[PlyCount "43"]
[EventDate "2015.12.27"]
[EventType "team-swiss"]
[EventRounds "7"]
[EventCountry "GER"]
[SourceTitle "EXT 2017"]
[Source "ChessBase"]
[SourceDate "2016.10.25"]
[SourceVersion "1"]
[SourceVersionDate "2016.10.25"]
[SourceQuality "1"]
[WhiteTeam "Goettingen Rochade"]
[BlackTeam "Hagen"]
[WhiteTeamCountry "GER"]
[BlackTeamCountry "GER"]

1. e4 e5 2. Nf3 Nf6 3. Nxe5 Nxe4 4. Qe2 d5 5. d3 Qe7 6. Nf3 Nf6 7. Bg5 Nc6 8. Bxf6 gxf6 9. Nc3 Bg4 10. Nxd5 Qxe2+ 11. Bxe2 0-0-0 12. Nxf6 Bxf3 13. Bxf3 Bg7 14. Bxc6 Bxf6 15. Bd5 Rxd5 16. Kd1 Rg8 17. g3 Re8 18. Re1 Rxe1+ 19. Kxe1 Bxb2 20. Rb1 Bc3+ 21. Kf1 Ra5 22. d4 0-1